00590nam a2200205Ia 4500003000400000005001700004008004100021040000700062041000800069082001500077100003000092245002700122260002000149300000900169650002000178700002700198942001300225999001900238952012700257OSt20260124101153.0250729s2003 xx 000 0 und d cAL aeng a020.2 GOKS aGovt of Karnataka9227898 aSocial science 8th std aBangalorec2003 a212p aHistory9227899 aGoo Digumurthi9227900 2ddccBED c237813d237813 00104070aALbALd2025-07-29eManagement Booksg8.00l0o020.2 GOKSpBED03132r2025-07-29 16:56:05v8.40w2025-07-29yBK